Sovereign debt, global market volatility and commercial real estate (Record no. 112676)

MARC details
000 -LEADER
fixed length control field 01321cad a22002415a 4500
001 - CONTROL NUMBER
control field L153732
008 - FIXED-LENGTH DATA ELEMENTS--GENERAL INFORMATION
fixed length control field 110823s2011 xxk f 000 0 eng d
035 ## - SYSTEM CONTROL NUMBER
System control number (Sirsi) u153732
041 0# - LANGUAGE CODE
Language code of text/sound track or separate title eng
050 04 - LIBRARY OF CONGRESS CALL NUMBER
Classification number 333.33 $2 18
110 2# - MAIN ENTRY--CORPORATE NAME
Corporate name or jurisdiction name as entry element CB Richard Ellis
9 (RLIN) 3675
245 00 - TITLE STATEMENT
Title Sovereign debt, global market volatility and commercial real estate
Medium [electronic resource]
260 ## - PUBLICATION, DISTRIBUTION, ETC.
Place of publication, distribution, etc. [S.l.]
Name of publisher, distributor, etc. CBRE
Date of publication, distribution, etc. 2011
490 #0 - SERIES STATEMENT
Series statement CB Richard Ellis Global ViewPoint
Volume/sequential designation August 2011
520 ## - SUMMARY, ETC.
Summary, etc. Authoritative overview of the impact of sovereign global market volatility on the commercial real estate market. Covers the prime drivers of the recent volatility, the main issues for investors, how the emerging markets are faring in this environment, the short-term implications for real estate investors, and the implications for real estate fundamental and investment transactions.
590 ## - LOCAL NOTE (RLIN)
Local note KA NTK
650 24 - SUBJECT ADDED ENTRY--TOPICAL TERM
Topical term or geographic name entry element CB RICHARD ELLIS GLOBAL VIEWPOINT
651 #4 - SUBJECT ADDED ENTRY--GEOGRAPHIC NAME
Geographic name International
690 ## - LOCAL SUBJECT ADDED ENTRY--TOPICAL TERM (OCLC, RLIN)
Topical term or geographic name as entry element PROPERTY-COMMERCIAL PROPERTY-COMMERCIAL PROPERTY FINANCE AND INVESTMENT
690 ## - LOCAL SUBJECT ADDED ENTRY--TOPICAL TERM (OCLC, RLIN)
Topical term or geographic name as entry element PROPERTY-COMMERCIAL PROPERTY-COMMERCIAL PROPERTY MARKET
856 40 - ELECTRONIC LOCATION AND ACCESS
Uniform Resource Identifier <a href="https://www.cbre.co.uk/portal/page/portal/uk_en/research">https://www.cbre.co.uk/portal/page/portal/uk_en/research</a>
Public note View the report free of charge (type Sovereign Debt in the keyword box and click on search) at www.cbre.co.uk
942 ## - ADDED ENTRY ELEMENTS (KOHA)
Suppress in OPAC 0
Holdings
Withdrawn status Lost status Source of classification or shelving scheme Damaged status Not for loan Home library Current library Shelving location Date acquired Total Checkouts Full call number Barcode Date last seen Copy number Price effective from Koha item type
    Dewey Decimal Classification     Virtual Virtual Online 23/08/2011   ONLINE PUBLICATION 153732-2001 06/08/2019 1 06/08/2019 Book